Flight of jobs from cities (Record no. 61868)

MARC details
000 -LEADER
fixed length control field 01003cam a2200229 4500
001 - CONTROL NUMBER
control field WB3547-48
008 - FIXED-LENGTH DATA ELEMENTS--GENERAL INFORMATION
fixed length control field 000000n1999 000 0 eng u
035 ## - SYSTEM CONTROL NUMBER
System control number (Sirsi) u102969
245 ## - TITLE STATEMENT
Title Flight of jobs from cities
260 ## - PUBLICATION, DISTRIBUTION, ETC.
Date of publication, distribution, etc. 1999
490 ## - SERIES STATEMENT
Series statement Financial Times
Volume/sequential designation 30 November 1999, 5(1)
520 ## - SUMMARY, ETC.
Summary, etc. The Town and Country Planning Association has criticised the urban taskforce report for ignoring the issue of jobs. It says the the 'inexorable' exodus of jobs to the suburbs, small towns and rural areas will undermine the urban renaissance, with lifestyle demands reinforcing the counter-urban trend. It advocates compromise by keeping job growth near cities. "The people: where will they work" costs £22.50 and is available on 020 7930 8903.
590 ## - LOCAL NOTE (RLIN)
Local note WB
650 ## - SUBJECT ADDED ENTRY--TOPICAL TERM
Topical term or geographic name entry element URBAN TASKFORCE
650 ## - SUBJECT ADDED ENTRY--TOPICAL TERM
Topical term or geographic name entry element URBAN RENAISSANCE
650 ## - SUBJECT ADDED ENTRY--TOPICAL TERM
Topical term or geographic name entry element TOWN AND COUNTRY PLANNING ASSOCIATION
650 ## - SUBJECT ADDED ENTRY--TOPICAL TERM
Topical term or geographic name entry element JOBS
650 ## - SUBJECT ADDED ENTRY--TOPICAL TERM
Topical term or geographic name entry element LIFESTYLES
650 ## - SUBJECT ADDED ENTRY--TOPICAL TERM
Topical term or geographic name entry element PLANNING
690 ## - LOCAL SUBJECT ADDED ENTRY--TOPICAL TERM (OCLC, RLIN)
Topical term or geographic name as entry element URBAN RENEWAL
942 ## - ADDED ENTRY ELEMENTS (KOHA)
Suppress in OPAC 0
Holdings
Withdrawn status Lost status Source of classification or shelving scheme Damaged status Not for loan Home library Current library Shelving location Date acquired Total Checkouts Full call number Barcode Date last seen Copy number Price effective from Koha item type
    Dewey Decimal Classification     London London News article 01/12/1999   WB3547-48 102969-1001 06/08/2019 1 06/08/2019 News article